000 04277cam a2200469 a 4500
999 _c27228
_d27228
006 m o d
007 cr cn|||||||||
008 070802s2003 ne a ob 001 0 eng d
020 _a9780080535838
_q(electronic bk.)
020 _a0080535836
_q(electronic bk.)
020 _a9780081000076
020 _a0081000073
040 _aOPELS
_beng
_epn
042 _adlr
072 7 _aVM
_2lcco
072 7 _aTEC
_x014000
_2bisacsh
082 0 4 _a627/.98
_222
100 1 _aBai, Yong.
245 1 0 _aMarine structural design /
_cYong Bai.
250 _a1st ed.
260 _aAmsterdam ;
_aBoston :
_bElsevier,
_c2003.
300 _a1 online resource (xix, 606 pages) :
_billustrations
504 _aIncludes bibliographical references and index.
505 0 _aStructural Design Principles -- Ultimate Strength -- Fatigue and Fracture -- Structural Reliability -- Risk Assessment.
505 0 _apt. 1. Structural design principles : Introduction -- Wave loads for ship design and classification -- Loads and dynamic response for offshore structures -- Scantling of ship's hulls by rules -- Ship hull scantling design by analysis -- Offshore structural analysis -- Limit-state design of offshore structures -- pt. 2. Ultimate strength: Buckling/collapse of columns and beam-columns -- Buckling and local buckling of tubular members -- Ultimate strength of plates and stiffened plates -- Ultimate strength of cylindrical shells -- A theory of nonlinear finite lement analysis -- Collapse analysis of ship hulls -- Offshore structures under impact loads -- Offshore structures under earthquake loads -- pt. 3. Fatigue and fracture: mechanism of fatigue and fracture -- Fatigue capacity -- Fatigue loading and stresses -- Simplified fatigue assessment -- Spectral fatigue analysis and design -- Application of fracture mechanics -- Material selections and damage tolerance criteria -- pt. 4. Structural reliability: Basics of structural reliability -- Random variables and uncertainty analysis -- Reliability of ship structures -- Reliability-based design and code calibration -- Fatigue reliability -- Probability and risk based inspection planning -- pt. 5. Risk assessment: Risk assessment methodology -- Risk assessment applied to offshore structures -- Formal safety assessment applied to shipping industry -- Economic risk assessment for field development -- Human reliability assessment -- Risk centered maintenance.
506 _3Use copy
_fRestrictions unspecified
_2star
_5MiAaHDL
520 _aThis new reference describes the applications of modern structural engineering to marine structures. It will provide an invaluable resource to practicing marine and offshore engineers working in oil and gas as well as those studying marine structural design. The coverage of fatigue and fracture criteria forms a basis for limit-state design and re-assessment of existing structures and assists with determining material and inspection requirements. Describing applications of risk assessment to marine and offshore industries, this is a practical and useful book to help engineers conduct structural design. *Presents modern structural design principles helping the engineer understand how to conduct structural design by analysis *Offers practical and usable theory for industrial applications of structural reliability theory.
533 _aElectronic reproduction.
_b[Place of publication not identified] :
_cHathiTrust Digital Library,
_d2010.
583 1 _adigitized
_c2010
_hHathiTrust Digital Library
_lcommitted to preserve
_2pda
_5MiAaHDL
650 0 _aOffshore structures
_xDesign and construction.
650 0 _aNaval architecture.
650 6 _aArchitecture navale.
650 7 _anaval architecture.
_2aat
650 7 _aTECHNOLOGY & ENGINEERING
_xHydraulics.
_2bisacsh
650 7 _aNaval architecture.
_2fast
650 7 _aOffshore structures
_xDesign and construction.
_2fast
650 7 _aEstruturas offshore.
_2larpcal
650 7 _aEngenharia naval e oce�anica.
_2larpcal
776 0 8 _iPrint version:
_aBai, Yong.
_tMarine structural design.
_b1st ed.
_dAmsterdam ; Boston : Elsevier, 2003
_z0080439217
_z9780080439211
_w(DLC) 2004270210
_w(OCoLC)52456869
856 4 0 _uhttps://www.sciencedirect.com/science/book/9780080439211
942 _cEBK